=LDR 00000nam 2200000 4500 =001 INLIS000000000026686 =005 20130612125119 =008 ***********************************ind** =035 ##$$0010-061300000026686 =041 ##$$a ind =082 ##$$a 028.5 =090 ##$$a 028.5, RAH k =100 ##$$a Rahimsyah AR, MB =245 ##$$a Kisah Nabi Harun, MB Rahimsyah AR =250 ##$$a Seri kisah teladan 25 Nabi dan Rasul =260 ##$$a [s.a] $b Surabaya =300 ##$$a 16 hlm., ilus., 15 cm =650 ##$$a Bacaan Anak-anak =850 ##$$a NBPNMAT